| 000 | 00896nam a2200181Ia 4500 | ||
|---|---|---|---|
| 008 | 151202s9999||||xx |||||||||||||| ||und|| | ||
| 082 | _bPNVM-66929 | ||
| 100 | _aसुर्वे कृष्णाबाई नारायण / शब्दांकन - सावंत नेहा. | ||
| 245 | _aमास्तरांची सावली. | ||
| 260 | _b"डिंपल पब्लिकेशन, मुंबई." | ||
| 260 | _c2009 | ||
| 300 | _a183 | ||
| 600 | _aसुर्वे कृष्णाबाई नारायण / शब्दांकन - सावंत नेहा. | ||
| 630 | _aमास्तरांची सावली. | ||
| 700 | _aसुर्वे कृष्णाबाई नारायण / शब्दांकन - सावंत नेहा. | ||
| 730 | _aमास्तरांची सावली. | ||
| 942 | _cBOOK | ||
| 999 |
_c1333461 _d1333458 |
||